Le drame chretien au moyen age / (Record no. 165194)

MARC details
000 -LEADER
campo de control de longitud fija 00551nam a22001575i 4500
001 - NÚMERO DE CONTROL
campo de control 165194
003 - IDENTIFICADOR DE NÚMERO DE CONTROL
campo de control ES-MaACL
005 - FECHA Y HORA DE LA ÚLTIMA TRANSACCIÓN
campo de control 20230906213101.0
008 - DATOS DE LONGITUD FIJA--INFORMACIÓN GENERAL
campo de control de longitud fija 000210s1878 fr |||| | fre d
100 1# - ENTRADA PRINCIPAL--NOMBRE DE PERSONA
Nombre de persona Sepet, Marius.
9 (RLIN) 132651
245 13 - MENCIÓN DEL TÍTULO
Título Le drame chretien au moyen age /
Mención de responsabilidad, etc. par Marius Sepet.
260 ## - PUBLICACIÓN, DISTRIBUCIÓN, ETC.
Lugar de publicación, distribución, etc. Paris :
Nombre del editor, distribuidor, etc. Librairie Academique Didier et Cie.,
Fecha de publicación, distribución, etc. 1878 (
Fabricante Typ. Pillet et Dumoulin)
300 ## - DESCRIPCIÓN FÍSICA
Extensión XII, 296 p. ;
Dimensiones 18 cm.
650 #4 - PUNTO DE ACCESO ADICIONAL DE MATERIA--TÉRMINO DE MATERIA
Término de materia o nombre geográfico como elemento de entrada Teatro francés-
Subdivisión cronológica Hasta S.XV-
Subdivisión general Historia y crítica.
9 (RLIN) 174698
852 4# - LOCALIZACIÓN
Ubicación ES-MaACL
Número de control de estantería F-9528
Nota libre - Enc. hol.
Holdings
Estatus retirado Estado de pérdida Estado de daño No para préstamo Colección Biblioteca de origen Biblioteca actual Ubicación en estantería Fecha de adquisición Fuente de adquisición Total de préstamos Signatura topográfica completa Código de barras Visto por última vez Precio de reemplazo Tipo de ítem Koha
        Libros del s. XIX Biblioteca del Ateneo de Madrid Biblioteca del Ateneo de Madrid Sala Pecera Planta 2 17/01/2008     F-9528 1173222 23/02/2023 23/02/2023 Libro impreso antiguo